000 00355nam a2200157Ia 4500
001 18283
003 Ost
005 20260507155631.0
008 251113s9999||||xx |||||||||||||| ||eng||
040 _cnitttr
041 _aeng
082 _a620.106
_bK96E
100 _aKumar, K. L.
245 0 _aEngineering fluid mechanics. /
_cKumar, K. L.
942 _cBK
999 _c18127
_d18127